Víziou MOL je silná aliancia stredoeurópskych rafinérií

Rozhovor s viceprezidentom pre financie maďarskej spoločnosti MOL Michel-Marcom Delcommune. Stratégia spoločnosti MOL v stredoeurópskom priestore. Partneri, s ktorými sa spoločnosť kontraktuje. Predstava formy spolupráce s oslovenými firmami. Spolupráca MOL a Slovnaftu. Záujem firmy MOL aj o iné raf...

Descrizione completa

Salvato in:
Dettagli Bibliografici
Autore principale: Kremský, Peter
Altri autori: Delcommune, Michel-Marc
Natura: Capitolo di libro
Lingua:slovacco
Soggetti:
Tags: Aggiungi Tag
Nessun Tag, puoi essere il primo ad aggiungerne!!

MARC

LEADER 00000naa a2200000 4500
001 r037296
005 20230921105442.7
041 0 |a slo 
044 |a SK 
245 1 0 |a Víziou MOL je silná aliancia stredoeurópskych rafinérií  |c Peter Kremský 
520 |a Rozhovor s viceprezidentom pre financie maďarskej spoločnosti MOL Michel-Marcom Delcommune. Stratégia spoločnosti MOL v stredoeurópskom priestore. Partneri, s ktorými sa spoločnosť kontraktuje. Predstava formy spolupráce s oslovenými firmami. Spolupráca MOL a Slovnaftu. Záujem firmy MOL aj o iné rafinérie stredoeurópskych krajín. 
610 2 0 |a rafinérie 
610 2 0 |a spolupráca hospodárska medzinárodná 
610 2 0 |a SVE 
610 2 0 |a kontrakty 
610 2 0 |a Slovensko 
610 2 0 |a Maďarsko 
610 2 0 |a MOL Rt. 
610 2 0 |a Slovnaft, a.s. Bratislava 
610 2 0 |a ropa 
100 1 |a Kremský, Peter 
700 1 |a Delcommune, Michel-Marc